Razantná cesta k trhu je sociálnejšia ako kompromisy Je len jedna cesta pre slovenské hospodárstvo

Niekoľko pohľadov na súčasný stav slovenskej ekonomiky a možné východiská podľa I. Mikloša, býv. ministra pre privatizáciu.

Salvato in:
Dettagli Bibliografici
Autore principale: Mikloš, I.
Altri autori: Žitňanský, Eduard
Natura: Capitolo di libro
Lingua:slovacco
Soggetti:
Tags: Aggiungi Tag
Nessun Tag, puoi essere il primo ad aggiungerne!!

MARC

LEADER 00000naa a2200000 4500
001 r014195
005 20221205080710.7
041 0 |a slo 
044 |a SK 
245 1 0 |a Razantná cesta k trhu je sociálnejšia ako kompromisy  |b Je len jedna cesta pre slovenské hospodárstvo  |c I. Mikloš, Eduard Žitňanský 
520 |a Niekoľko pohľadov na súčasný stav slovenskej ekonomiky a možné východiská podľa I. Mikloša, býv. ministra pre privatizáciu. 
610 2 0 |a situácia hospodárska 
610 2 0 |a Slovensko 
610 2 0 |a trh 
610 2 0 |a politika hospodárska 
610 2 0 |a politika finančná 
610 2 0 |a politika menová 
610 2 0 |a privatizácia 
100 1 |a Mikloš, I. 
700 1 |a Žitňanský, Eduard